Flags of U.S. States With 10 Million People - Sudden Death - Statistics

General Stats
  • This quiz has been taken 156 times
  • The average score is 4 of 10
Answers on the Grid
Answers color-coded by a green-red scale on the quiz's grid according to % correct below.
 
Answer Stats
Answer % Correct
79%
75%
53%
48%
41%
37%
31%
30%
28%
20%
No matching quizzes found
Score Distribution
Percent of People with Each Score
Percentile by Number Answered
Your Score History
You have not taken this quiz